[Event "European Online Club-ch-E 2021"]
[Site "Online"]
[Date "2021.03.27"]
[Round "2.19"]
[White "Abasov, Nijat"]
[Black "Gozzoli, Yannick"]
[Result "1/2-1/2"]
[WhiteElo "2664"]
[BlackElo "2600"]
[Annotator "TA"]
[PlyCount "186"]
[EventDate "2021.03.27"]
[EventType "team-tourn"]
[EventCountry "NET"]
[SourceTitle "playchess.com"]
[Source "ChessBase"]
[SourceQuality "1"]

{[%evp 9,186,4,19,0,8,5,5,0,0,0,12,0,0,0,0,0,0,0,0,0,0,0,-5,-20,-10,-5,-6,-18,-13,-20,12,12,12,12,12,12,38,12,12,12,12,0,12,0,0,-7,-7,-7,-7,-7,0,-7,-7,-16,-14,-16,0,-18,-18,-57,-56,-67,-60,-103,-83,-105,-105,-116,-91,-85,-78,-131,-131,-214,-109,-116,-109,-110,-116,-116,-109,-110,-109,-109,-109,-212,-109,-109,-109,-109,-96,-119,-120,-132,-61,-55,-39,-64,-69,-78,-79,-84,-81,-101,-97,-91,-93,-139,-127,-208,-196,-207,-204,-210,-189,-264,-262,-254,-236,-286,-261,-272,-249,-283,-167,-281,-248,-199,-127,-339,-15,-12,0,0,0,0,0,0,71,72,70,70,96,100,96,93,93,93,93,93,93,93,100,93,93,93,6079,93,29969,29963,6079,93,93,93,93,100,100,100,100,100,100,100,100,100,100,100,100,108,108]} 1. d4 d5 2. Nf3 Nf6 3. Bf4 Bf5 4. e3 e6 5. Bd3 Nbd7 6. c4 {D02: 1 d4 d5 2 Nf3 sidelines, including 2...Nf6 3 g3 and 2...Nf6 3 Bf4.} Bb4+ 7. Nc3 dxc4 8. Bxc4 {[#] The position is equal.} Nd5 $146 ({Predecessor:} 8... a6 9. O-O O-O 10. Rc1 c5 11. a3 Bxc3 12. bxc3 Qa5 13. Qb3 b5 14. Be2 c4 {0-1 (36) Lenz,J (1016)-Zabransky,F (1276) LSS email 2013}) 9. Bxd5 exd5 10. Qb3 Bxc3+ 11. bxc3 Nb6 12. O-O O-O 13. Nd2 Bd3 14. Rfe1 Qc8 15. Bg3 Re8 16. f3 a5 17. e4 Nc4 18. Nxc4 Bxc4 19. Qc2 Qd7 20. e5 Rac8 21. f4 f5 22. Bf2 Re7 23. h3 (23. Bh4 $5 {[%cal Rh4e7]} Ree8 24. g4 $14) 23... Rf8 24. Kh2 Re6 25. Be3 b6 26. Rab1 Rf7 27. Rg1 Rh6 28. Rbe1 Kf8 29. Bc1 Qe6 30. Qa4 Ke7 31. a3 (31. Qc2 {is interesting.} Kd8 32. Re3 Qd7 33. Bd2 Kc8 34. Rf3) 31... Kd8 32. Qd1 (32. Re3 {is more complex.} Qd7 33. Qc2 Kc8 34. Bd2 Re6 35. Rg3) 32... Qd7 33. Qf3 Re6 34. g4 g6 35. Qg3 Kc8 36. Qh4 Kb7 37. Rg2 Bd3 38. Rb2 Rc6 39. Qg3 Be4 ({Don't blunder} 39... Rxc3 $2 40. e6 $18) 40. Rf2 (40. g5 $142) 40... fxg4 $17 41. Qxg4 (41. hxg4 $17 h5 42. g5) 41... Bf5 (41... Rf5 $19 42. Qg3 g5) 42. Qg3 Qe6 43. Re3 Rc4 44. Qg2 Ka7 45. Qf1 Re7 46. Qe2 Qc6 47. Qd1 (47. Bb2 $17) 47... Re6 ({Black should play} 47... Rxc3 $19 48. Rxc3 Qxc3) 48. Qb3 Ka6 49. Rg3 Qb5 (49... Kb7 {seems wilder.} 50. Qb2 Re8 51. Qd2 Qe6 52. Kg1 Be4) 50. Rb2 Qxb3 51. Rxb3 Rec6 (51... c5 $17 52. dxc5 bxc5) 52. Bd2 $1 $15 Ra4 53. Bc1 Bc2 $36 {[%mdl 2048] Black has good play.} 54. Rb2 Be4 55. Re2 Bf5 56. Rge3 {Black should prevent e6.} Re6 57. Kg3 Rc4 58. Kf2 c5 59. Bb2 (59. Rd2 $17 {keeps fighting.}) 59... cxd4 $19 60. cxd4 Kb5 $1 61. Kg3 Ka4 $1 62. Kh4 (62. h4 $142) 62... h6 63. Kg3 b5 64. Kf2 b4 65. axb4 axb4 66. Ke1 b3 (66... Rc2 $142 67. Rxc2 Bxc2) 67. Kd1 (67. Rg3 $142) 67... Kb4 68. Rg2 Rec6 (68... Ra6 $19 69. Ke1 Rc8) 69. e6 $2 (69. Rgg3 $17 {only move.} Ka4 70. h4) 69... Bxe6 $2 ({Better is} 69... Rxe6 $19 70. Rxe6 Bxe6) 70. Rgg3 $11 Kb5 71. Rxb3+ Rb4 72. Rxb4+ Kxb4 73. Rxg6 Bd7 (73... Kb5 $1 $11) 74. Rxc6 $1 $16 Bxc6 {[%mdl 4096] Endgame KB-KB} 75. f5 Be8 76. Kd2 Kb3 77. Ba1 Ka2 78. Bc3 {Strongly threatening Bb4.} Kb3 79. h4 Kc4 80. Bb2 Kb3 81. Bc1 Kc4 82. Ke3 h5 $2 {[%mdl 8192] [#]} (82... Bd7 $16) 83. Bd2 $2 (83. Bb2 $1 $18 {and the rest is easy.} Bf7 84. Kf4) 83... Bf7 $2 {[%mdl 8192] [#]} (83... Bd7 $16) 84. Be1 $1 {[%cal Re1f2]} Be8 85. Bg3 $2 (85. Bf2 $18 Kb4 86. Kf4) 85... Bd7 {White is better.} 86. f6 {f7 would kill now.} Be8 87. Bh2 Kb5 88. Kf4 {And now Ke5 would win.} Kc6 89. Kg5 Kd7 90. Kf5 Bf7 91. Bg3 Be8 92. Ke5 Bf7 93. Bf4 Kc6 {Both players deserved the win here.  Weighted Error Value: White=0.14/Black=0.09} 1/2-1/2

[Event "European Online Club-ch-E 2021"]
[Site "Online"]
[Date "2021.03.27"]
[Round "2.20"]
[White "Cornette, Matthieu"]
[Black "Durarbayli, Vasif"]
[Result "0-1"]
[WhiteElo "2555"]
[BlackElo "2606"]
[Annotator "ChessBase"]
[PlyCount "106"]
[EventDate "2021.03.27"]
[EventType "team-tourn"]
[EventCountry "NET"]
[SourceTitle "playchess.com"]
[Source "ChessBase"]
[SourceQuality "1"]
[TimeControl "900+5"]

1. e4 {[%emt 0:00:00]} e5 {[%emt 0:00:04]} 2. Nc3 {[%emt 0:00:07]} Nf6 {[%emt 0:00:16]} 3. Bc4 {[%emt 0:00:04]} Nc6 {[%emt 0:00:36]} 4. d3 {[%emt 0:00:07]} Na5 {[%emt 0:00:22]} 5. Bb3 {[%emt 0:00:17]} Be7 {[%emt 0:02:37]} 6. f4 {[%emt 0:00:23]} Nxb3 {[%emt 0:01:31]} 7. axb3 {[%emt 0:00:04]} d6 {[%emt 0:00:34]} 8. Nf3 {[%emt 0:00:22]} exf4 {[%emt 0:00:18]} 9. Bxf4 {[%emt 0:00:02]} O-O {[%emt 0:00:01]} 10. O-O {[%emt 0:00:03]} Be6 {[%emt 0:01:09]} 11. Qe1 {[%emt 0:00:53]} a6 {[%emt 0:01:05]} 12. h3 {[%emt 0:01:44]} Qd7 {[%emt 0:00:48]} 13. d4 {[%emt 0:00:48]} c6 {[%emt 0:00:06]} 14. Rd1 {[%emt 0:00:14]} Rae8 {[%emt 0:00:15]} 15. g4 {[%emt 0:01:53]} Bd8 {[%emt 0:01:23]} 16. Qg3 {[%emt 0:00:48]} d5 {[%emt 0:00:03]} 17. e5 {[%emt 0:01:19]} Ne4 {[%emt 0:00:05]} 18. Nxe4 {[%emt 0:00:07]} dxe4 {[%emt 0:00:01]} 19. Ng5 {[%emt 0:00:07]} f5 {[%emt 0:01:06]} 20. exf6 {[%emt 0:01:57]} Bxf6 {[%emt 0:00:05]} 21. Nxe6 {[%emt 0:01:04]} Qxe6 {[%emt 0:01:42]} 22. Be3 {[%emt 0:00:39]} Be7 {[%emt 0:00:02]} 23. Rxf8+ {[%emt 0:00:19]} Rxf8 {[%emt 0:00:02]} 24. Rf1 {[%emt 0:00:07]} Rxf1+ {[%emt 0:00:20]} 25. Kxf1 {[%emt 0:00:03]} Bd6 {[%emt 0:00:06]} 26. Qh4 {[%emt 0:00:44]} Be7 {[%emt 0:00:34]} 27. Qf2 {[%emt 0:00:28]} h5 {[%emt 0:00:27]} 28. Qf4 {[%emt 0:00:28]} Bd6 {[%emt 0:00:17]} 29. Qg5 {[%emt 0:01:13]} Qf7+ {[%emt 0:00:04]} 30. Ke1 {[%emt 0:00:42]} Bg3+ {[%emt 0:00:25]} 31. Kd2 {[%emt 0:00:04]} Qf1 {[%emt 0:00:02]} 32. Kc3 {[%emt 0:00:19]} Be1+ {[%emt 0:00:05]} 33. Bd2 {[%emt 0:00:01]} Qxh3+ {[%emt 0:00:14]} 34. Kc4 {[%emt 0:00:05]} Bxd2 {[%emt 0:00:05]} 35. Qxd2 {[%emt 0:00:00]} Qxg4 {[%emt 0:00:01]} 36. Kc5 {[%emt 0:00:09]} h4 {[%emt 0:00:13]} 37. Kb6 {[%emt 0:00:03]} h3 {[%emt 0:00:10]} 38. Qh2 {[%emt 0:00:10]} Qe6 {[%emt 0:00:07]} 39. Kxb7 {[%emt 0:00:08]} e3 {[%emt 0:00:05]} 40. Qe2 {[%emt 0:00:01]} Qd7+ {[%emt 0:00:13]} 41. Kxa6 {[%emt 0:00:02]} Qxd4 {[%emt 0:00:03]} 42. Qh5 {[%emt 0:00:04]} Qd7 {[%emt 0:00:10]} 43. Kb6 {[%emt 0:00:15]} Qe6 {[%emt 0:00:04]} 44. Qe2 {[%emt 0:00:04]} g6 {[%emt 0:00:24]} 45. c4 {[%emt 0:00:02]} Kg7 {[%emt 0:00:02]} 46. b4 {[%emt 0:00:03]} Qe5 {[%emt 0:00:05]} 47. b5 {[%emt 0:00:04]} h2 {[%emt 0:00:03]} 48. Qe1 {[%emt 0:00:11]} cxb5 {[%emt 0:00:04]} 49. c5 {[%emt 0:00:01]} e2 {[%emt 0:00:02]} 50. c6 {[%emt 0:00:02]} h1=Q {[%emt 0:00:05]} 51. Qxh1 {[%emt 0:00:01]} e1=Q {[%emt 0:00:01]} 52. Qxe1 {[%emt 0:00:01]} Qxe1 {[%emt 0:00:02]} 53. c7 {[%emt 0:00:00]} Qe8 {[%emt 0:00:08]} 0-1

[Event "European Online Club-ch-E 2021"]
[Site "Online"]
[Date "2021.03.27"]
[Round "3.1"]
[White "Oparin, Grigoriy"]
[Black "Coursaget, Nicolas"]
[Result "1-0"]
[WhiteElo "2652"]
[BlackElo "2192"]
[Annotator "TA"]
[PlyCount "125"]
[EventDate "2021.03.27"]
[EventType "team-tourn"]
[EventCountry "NET"]
[SourceTitle "playchess.com"]
[Source "ChessBase"]
[SourceQuality "1"]

{[%evp 18,125,81,81,82,81,66,66,76,75,81,80,77,79,74,69,162,155,155,142,150,131,143,137,137,123,143,89,203,195,228,228,238,237,362,203,185,202,202,206,237,216,256,200,212,208,230,229,239,228,221,203,199,193,192,155,262,260,266,262,262,260,263,259,285,279,286,251,280,281,289,288,285,288,285,283,316,321,342,337,370,358,366,356,373,367,401,403,525,521,502,513,450,332,609,616,748,808,816,798,847,829,968,928,29985,29986,29986,29987,29987,29988]} 1. c4 c5 2. Nf3 Nc6 3. d4 cxd4 4. Nxd4 g6 5. e4 Bg7 6. Nc2 Nf6 7. Nc3 d6 8. Be2 O-O 9. O-O b6 10. Be3 Bb7 {B37: Sicilian: Maroczy Bind with 5...Bg7, sidelines.} 11. Qd2 Rc8 12. f3 Re8 {White is slightly better. was the old line (12...a6).} 13. Rac1 Nd7 14. Rfd1 Nce5 15. b3 {[#]} h5 $146 ({Predecessor:} 15... Nc5 16. Nd4 a6 17. Nd5 e6 18. Nc3 Qe7 19. Nc2 Red8 20. b4 Ncd7 21. Na4 Nxc4 22. Bxc4 Rxc4 23. Qxd6 Qxd6 24. Rxd6 {1-0 (32) Sredojevic,I (2298)-Yerden,H (2022) Paracin 2018}) 16. Nd4 h4 (16... Nc6 $14) 17. h3 $18 Nc6 18. Nxc6 Bxc6 19. Bg5 Bf6 20. Bxf6 Nxf6 21. Qg5 Kg7 22. e5 ({White should try} 22. Qxh4 Rh8 23. Qg5) 22... Nh7 (22... Nd7 $16 {was called for.}) 23. Qxh4 Qc7 24. exd6 exd6 {[#]} 25. Qd4+ Nf6 (25... f6 {keeps fighting.} 26. Bd3 (26. Qxd6 Qxd6 27. Rxd6 Ng5 $18) 26... Rcd8) 26. Qxd6 (26. g4 $142) 26... Qb7 27. Qf4 Re6 28. Bf1 Rce8 29. Rd2 Re3 30. Re2 Rxe2 31. Nxe2 Qe7 32. Rd1 Nh5 33. Qd4+ Kg8 34. Kh2 Qg5 35. h4 Qe7 36. Ng3 Nf6 (36... Ng7 $16 {was worth a try.} 37. Kg1 Bb7) 37. Qd6 Bb7 38. Qxe7 Rxe7 39. Kg1 Kg7 40. Kf2 Bc6 41. Rd6 Bb7 42. Rd8 Bc6 43. Bd3 Nd7 44. h5 Ne5 45. hxg6 fxg6 46. Be4 Bxe4 47. Nxe4 {[%mdl 4096] Endgame KRN-KRN} ({But not} 47. fxe4 $6 Rf7+ 48. Ke3 Rf6 $18) 47... Nc6 48. Rd6 Ne5 49. a4 Nf7 50. Rd5 Nh6 51. a5 bxa5 52. Rxa5 Nf5 53. b4 {[%cal Bb3b4,Bb4b5][%mdl 32]} Nd4 54. b5 Rc7 55. c5 Ne6 $2 (55... Nb3) 56. c6 Nd4 57. Ke3 Nf5+ 58. Kd3 Ne7 59. Kc4 Nc8 60. Kc5 Nb6 {[#]} 61. Rxa7 $3 {[%mdl 512] White mates.} Nd7+ 62. Kd6 {[%mdl 64] Double Attack} Rxa7 63. cxd7 {Weighted Error Value: White=0.13/Black=0.32} 1-0

[Event "European Online Club-ch-E 2021"]
[Site "Online"]
[Date "2021.03.27"]
[Round "3.2"]
[White "Helie, Marc"]
[Black "Moussard, Jules"]
[Result "0-1"]
[WhiteElo "2083"]
[BlackElo "2635"]
[Annotator "ChessBase"]
[PlyCount "88"]
[EventDate "2021.03.27"]
[EventType "team-tourn"]
[EventCountry "NET"]
[SourceTitle "playchess.com"]
[Source "ChessBase"]
[SourceQuality "1"]
[TimeControl "900+5"]

1. d4 {[%emt 0:00:00]} f5 {[%emt 0:00:03]} 2. g3 {[%emt 0:00:17]} Nf6 {[%emt 0:00:01]} 3. Bg2 {[%emt 0:00:04]} g6 {[%emt 0:00:01]} 4. Nh3 {[%emt 0:00:04]} Bg7 {[%emt 0:00:01]} 5. O-O {[%emt 0:00:03]} O-O {[%emt 0:00:06]} 6. c4 {[%emt 0:00:05]} d6 {[%emt 0:00:02]} 7. Nc3 {[%emt 0:00:08]} c6 {[%emt 0:00:01]} 8. d5 {[%emt 0:00:26]} e5 {[%emt 0:00:06]} 9. dxe6 {[%emt 0:00:05]} Bxe6 {[%emt 0:00:03]} 10. Qb3 {[%emt 0:01:04]} Qb6 {[%emt 0:00:28]} 11. Bf4 {[%emt 0:01:05]} Rd8 {[%emt 0:00:24]} 12. Rad1 {[%emt 0:00:20]} Ne8 {[%emt 0:00:04]} 13. Ng5 {[%emt 0:00:13]} Bc8 {[%emt 0:00:03]} 14. c5+ {[%emt 0:00:22]} Qxb3 {[%emt 0:00:03]} 15. axb3 {[%emt 0:00:05]} h6 {[%emt 0:00:05]} 16. Nf3 {[%emt 0:00:37]} d5 {[%emt 0:00:09]} 17. e4 {[%emt 0:00:50]} fxe4 {[%emt 0:00:03]} 18. Nxe4 {[%emt 0:00:05]} Na6 {[%emt 0:00:01]} 19. Nd6 {[%emt 0:01:12]} Nxc5 {[%emt 0:00:26]} 20. Nxc8 {[%emt 0:00:17]} Raxc8 {[%emt 0:00:03]} 21. b4 {[%emt 0:00:03]} Ne4 {[%emt 0:00:09]} 22. Be5 {[%emt 0:00:20]} Bxe5 {[%emt 0:00:03]} 23. Nxe5 {[%emt 0:00:03]} Kg7 {[%emt 0:00:02]} 24. Rfe1 {[%emt 0:00:12]} N8f6 {[%emt 0:00:03]} 25. f3 {[%emt 0:00:05]} Nd6 {[%emt 0:00:02]} 26. Bh3 {[%emt 0:00:16]} Rc7 {[%emt 0:00:01]} 27. Nd3 {[%emt 0:00:24]} Nh7 {[%emt 0:00:27]} 28. Nc5 {[%emt 0:00:12]} Nf8 {[%emt 0:00:03]} 29. Re2 {[%emt 0:00:33]} b6 {[%emt 0:00:06]} 30. Nd3 {[%emt 0:00:16]} Re8 {[%emt 0:00:24]} 31. Rde1 {[%emt 0:00:08]} Rxe2 {[%emt 0:00:08]} 32. Rxe2 {[%emt 0:00:03]} Kf6 {[%emt 0:00:04]} 33. Kf2 {[%emt 0:00:06]} g5 {[%emt 0:00:11]} 34. Ne5 {[%emt 0:00:26]} c5 {[%emt 0:00:15]} 35. bxc5 {[%emt 0:00:41]} bxc5 {[%emt 0:00:03]} 36. Ng4+ {[%emt 0:00:04]} Kg7 {[%emt 0:00:03]} 37. Rd2 {[%emt 0:00:29]} d4 {[%emt 0:00:04]} 38. Ne5 {[%emt 0:00:06]} Ng6 {[%emt 0:00:12]} 39. Nd7 {[%emt 0:00:20]} h5 {[%emt 0:00:12]} 40. Be6 {[%emt 0:00:28]} g4 {[%emt 0:00:08]} 41. b4 {[%emt 0:00:19]} gxf3 {[%emt 0:00:05]} 42. Kxf3 {[%emt 0:00:10]} c4 {[%emt 0:00:29]} 43. Rxd4 {[%emt 0:00:15]} c3 {[%emt 0:00:02]} 44. Nc5 {[%emt 0:00:13]} c2 {[%emt 0:00:05]} 0-1

[Event "European Online Club-ch-E 2021"]
[Site "Online"]
[Date "2021.03.27"]
[Round "3.3"]
[White "Gozzoli, Yannick"]
[Black "Barbini, Denis"]
[Result "1-0"]
[WhiteElo "2600"]
[BlackElo "2035"]
[Annotator "ChessBase"]
[PlyCount "33"]
[EventDate "2021.03.27"]
[EventType "team-tourn"]
[EventCountry "NET"]
[SourceTitle "playchess.com"]
[Source "ChessBase"]
[SourceQuality "1"]
[TimeControl "900+5"]

1. d4 {[%emt 0:00:00]} d5 {[%emt 0:00:05]} 2. c4 {[%emt 0:00:03]} c6 {[%emt 0:00:02]} 3. Nf3 {[%emt 0:00:06]} Nf6 {[%emt 0:00:05]} 4. Nc3 {[%emt 0:00:01]} e6 {[%emt 0:00:02]} 5. Bg5 {[%emt 0:00:43]} dxc4 {[%emt 0:03:58]} 6. e4 {[%emt 0:00:06]} b5 {[%emt 0:00:02]} 7. e5 {[%emt 0:00:01]} h6 {[%emt 0:00:05]} 8. Bh4 {[%emt 0:00:03]} g5 {[%emt 0:00:02]} 9. exf6 {[%emt 0:00:15]} gxh4 {[%emt 0:00:04]} 10. Ne5 {[%emt 0:00:01]} Qxf6 {[%emt 0:01:22]} 11. a4 {[%emt 0:00:02]} Bb4 {[%emt 0:00:17]} 12. Be2 {[%emt 0:00:33]} Bb7 {[%emt 0:01:51]} 13. Bf3 {[%emt 0:00:05]} a6 {[%emt 0:00:21]} 14. axb5 {[%emt 0:00:16]} axb5 {[%emt 0:00:09]} 15. Rxa8 {[%emt 0:00:00]} Bxa8 {[%emt 0:00:02]} 16. Qa1 {[%emt 0:00:05]} Bb7 {[%emt 0:02:20]} 17. Qa7 {[%emt 0:00:04]} 1-0

[Event "European Online Club-ch-E 2021"]
[Site "Online"]
[Date "2021.03.27"]
[Round "3.4"]
[White "Marchadour, Emilie"]
[Black "Cornette, Matthieu"]
[Result "0-1"]
[WhiteElo "2006"]
[BlackElo "2555"]
[Annotator "ChessBase"]
[PlyCount "120"]
[EventDate "2021.03.27"]
[EventType "team-tourn"]
[EventCountry "NET"]
[SourceTitle "playchess.com"]
[Source "ChessBase"]
[SourceQuality "1"]
[TimeControl "900+5"]

1. e4 {[%emt 0:00:00]} e5 {[%emt 0:00:13]} 2. Nf3 {[%emt 0:00:04]} Nc6 {[%emt 0:00:02]} 3. Bb5 {[%emt 0:00:04]} a6 {[%emt 0:00:02]} 4. Ba4 {[%emt 0:00:03]} g6 {[%emt 0:00:03]} 5. O-O {[%emt 0:00:03]} Bg7 {[%emt 0:00:05]} 6. c3 {[%emt 0:00:33]} b5 {[%emt 0:00:57]} 7. Bc2 {[%emt 0:00:05]} d6 {[%emt 0:00:02]} 8. h3 {[%emt 0:00:04]} Nge7 {[%emt 0:00:09]} 9. d3 {[%emt 0:00:08]} O-O {[%emt 0:00:05]} 10. Bg5 {[%emt 0:00:21]} h6 {[%emt 0:00:13]} 11. Bh4 {[%emt 0:00:04]} f5 {[%emt 0:01:46]} 12. d4 {[%emt 0:00:37]} f4 {[%emt 0:00:35]} 13. Bxe7 {[%emt 0:01:12]} Qxe7 {[%emt 0:00:15]} 14. a4 {[%emt 0:00:21]} Rb8 {[%emt 0:00:19]} 15. axb5 {[%emt 0:00:13]} axb5 {[%emt 0:00:00]} 16. d5 {[%emt 0:01:31]} Nd8 {[%emt 0:00:08]} 17. Nbd2 {[%emt 0:00:02]} g5 {[%emt 0:00:17]} 18. Nh2 {[%emt 0:00:07]} Qf7 {[%emt 0:00:10]} 19. Ra7 {[%emt 0:00:32]} h5 {[%emt 0:00:25]} 20. f3 {[%emt 0:00:06]} Bf6 {[%emt 0:00:34]} 21. Qe2 {[%emt 0:00:06]} Qd7 {[%emt 0:00:35]} 22. Rfa1 {[%emt 0:00:13]} Nf7 {[%emt 0:00:05]} 23. Bd3 {[%emt 0:00:29]} Nh6 {[%emt 0:00:27]} 24. Ra8 {[%emt 0:00:08]} Rxa8 {[%emt 0:01:07]} 25. Rxa8 {[%emt 0:00:05]} Qg7 {[%emt 0:00:05]} 26. Bxb5 {[%emt 0:00:34]} g4 {[%emt 0:00:03]} 27. fxg4 {[%emt 0:00:07]} hxg4 {[%emt 0:00:16]} 28. hxg4 {[%emt 0:00:04]} Bh4 {[%emt 0:00:32]} 29. Ndf3 {[%emt 0:01:54]} Bg3 {[%emt 0:00:06]} 30. g5 {[%emt 0:00:06]} Nf7 {[%emt 0:00:36]} 31. Ba6 {[%emt 0:03:10]} Bd7 {[%emt 0:00:18]} 32. Rxf8+ {[%emt 0:00:07]} Qxf8 {[%emt 0:00:19]} 33. g6 {[%emt 0:00:16]} Nh6 {[%emt 0:00:13]} 34. Qc4 {[%emt 0:00:35]} Qb8 {[%emt 0:00:07]} 35. b4 {[%emt 0:00:09]} Kg7 {[%emt 0:01:41]} 36. Ng5 {[%emt 0:00:56]} Qb6+ {[%emt 0:01:46]} 37. Kh1 {[%emt 0:00:09]} Bxh2 {[%emt 0:00:21]} 38. Kxh2 {[%emt 0:00:04]} Qf2 {[%emt 0:00:21]} 39. Nf3 {[%emt 0:01:24]} Ng4+ {[%emt 0:00:22]} 40. Kh1 {[%emt 0:00:03]} Ne3 {[%emt 0:00:06]} 41. Qe2 {[%emt 0:00:06]} Qg3 {[%emt 0:00:02]} 42. Kg1 {[%emt 0:00:21]} Qxg6 {[%emt 0:00:22]} 43. Bd3 {[%emt 0:00:05]} Bh3 {[%emt 0:00:36]} 44. Nh4 {[%emt 0:00:02]} Qg5 {[%emt 0:00:07]} 45. Qf2 {[%emt 0:00:15]} Bg4 {[%emt 0:00:40]} 46. Nf5+ {[%emt 0:00:10]} Bxf5 {[%emt 0:00:24]} 47. exf5 {[%emt 0:00:02]} Nxd5 {[%emt 0:00:03]} 48. Qa7 {[%emt 0:00:16]} f3 {[%emt 0:00:07]} 49. Bf1 {[%emt 0:00:09]} fxg2 {[%emt 0:00:30]} 50. Bxg2 {[%emt 0:00:06]} Qe3+ {[%emt 0:00:06]} 51. Qxe3 {[%emt 0:00:04]} Nxe3 {[%emt 0:00:00]} 52. Be4 {[%emt 0:00:31]} Kf6 {[%emt 0:00:03]} 53. Kf2 {[%emt 0:00:05]} Nd1+ {[%emt 0:00:05]} 54. Kf3 {[%emt 0:00:07]} Nxc3 {[%emt 0:00:03]} 55. Bb7 {[%emt 0:00:09]} Kxf5 {[%emt 0:00:10]} 56. Ke3 {[%emt 0:00:03]} d5 {[%emt 0:00:14]} 57. Kd3 {[%emt 0:00:04]} d4 {[%emt 0:00:02]} 58. Bc6 {[%emt 0:00:05]} Ke6 {[%emt 0:00:06]} 59. Bg2 {[%emt 0:00:13]} Nd5 {[%emt 0:00:11]} 60. b5 {[%emt 0:00:07]} Kd6 {[%emt 0:00:02]} 0-1

[Event "European Online Club-ch-E 2021"]
[Site "Online"]
[Date "2021.03.27"]
[Round "3.5"]
[White "Mikhalevski, Victor"]
[Black "Mamedyarov, Shakhriyar"]
[Result "0-1"]
[WhiteElo "2552"]
[BlackElo "2770"]
[Annotator "TA"]
[PlyCount "110"]
[EventDate "2021.03.27"]
[EventType "team-tourn"]
[EventCountry "NET"]
[SourceTitle "playchess.com"]
[Source "ChessBase"]
[SourceQuality "1"]

{[%evp 9,110,4,17,12,21,25,36,29,22,24,28,27,29,27,27,30,35,36,62,0,21,0,0,0,0,0,-4,-41,-13,-39,-31,-41,22,39,41,-108,27,31,16,18,265,265,265,265,265,265,260,260,322,258,258,255,247,0,0,0,247,250,539,0,0,0,0,0,0,0,0,-10,-11,-10,0,0,0,0,0,0,0,-98,-89,-91,-81,-90,-37,-41,-20,-206,-184,-177,-204,-243,-232,-260,-243,-29980,-29981,-29980,-29976,-29991,-29992,-29992,-29993,-29994,-29995]} 1. d4 Nf6 2. Nf3 e6 3. c4 d5 4. g3 Bb4+ 5. Bd2 Bd6 6. Nc3 {E01: Catalan: Early deviations.} O-O {6...0-0 is better than 6...c6.} 7. Bg5 dxc4 $5 {[%mdl 4] An interesting side line.} 8. e4 {Threatens to win with e5.White is slightly better.} Be7 $1 {[#]} 9. Bxc4 $146 ({Predecessor:} 9. e5 Nd5 10. Bxe7 Qxe7 11. Bxc4 c6 12. O-O b5 13. Bd3 h6 14. Rc1 Bb7 15. Nxd5 exd5 16. Nh4 {1-0 (28) Raisov,E (1912)-Kapustin,N Moscow 2008}) 9... h6 10. Bxf6 Bxf6 11. e5 Be7 12. Qe2 c5 13. d5 b5 {[%cal Bb7b5,Bb5a4][%mdl 32]} 14. Bd3 {aiming for Qe4.} (14. Bxb5 $5 {[%cal Rd5d6]} exd5 15. O-O-O $14) 14... exd5 {[#]} 15. Nxd5 $1 {[%mdl 64] Remove Defender} Qxd5 16. Be4 Qe6 17. Bxa8 Nc6 18. a4 (18. Qxb5 $2 Bd7 $19) 18... bxa4 19. O-O Bd7 20. Bb7 g5 (20... Rb8 $15 21. Ba6 Na5) 21. Rfd1 $36 {[%mdl 2048] White is more active.} g4 22. Rxd7 Qxd7 {[#]} ({Better is} 22... gxf3 $17 23. Rxe7 (23. Qxf3 $2 Nxe5 {[%mdl 64] Double Attack} 24. Qd1 Nxd7 $19) 23... Qxe7) 23. Qa6 Nb4 24. Qxh6 {Strongly threatening Be4.} Qxb7 (24... Qe6 $11 25. Qxe6 fxe6) 25. Ng5 $18 Bxg5 26. Qxg5+ {[%mdl 64] Double Attack} Kh8 27. Qh5+ Kg8 28. Qxg4+ Kh8 29. Qh5+ ({And not} 29. Rxa4 Qe7 $11) 29... Kg8 30. Qg5+ Kh8 31. Qh6+ {[%mdl 1024] White has strong compensation.} Kg8 32. Qg5+ Kh8 {[#]} 33. Rd1 $1 f6 $2 (33... Nd5 34. Qh5+ Kg8) 34. Qh5+ $2 (34. Qh6+ $18 Kg8 35. exf6) 34... Qh7 $11 35. Qg4 Qg7 36. Qh3+ Qh7 37. Qg4 fxe5 {...Nd3 is the strong threat.} 38. Rd7 Qh6 39. Qe4 $1 {[%cal Re4e5]} Nc6 40. Rc7 $1 {[%cal Rc7c6]} Rf6 41. Rc8+ Kg7 42. Rc7+ Kf8 {White must now prevent ...Qd2!} 43. Qg4 (43. Qd5 $1 $11 Qc1+ 44. Kg2 Qxb2 45. Qxc5+ Kg8 46. Qc4+ Kf8 47. Qc5+ Kg8 48. Qc4+ Kf8 49. Qc5+) 43... Ne7 ({But not} 43... Qg6 $6 44. Qc8+ Qe8 45. Qh3 $11) 44. Qd7 Re6 45. Rxa7 Qf6 ({Black should play} 45... e4 $17 46. Rxa4 Qf6) 46. Qd8+ $15 Kg7 {Black wants to play ...e4.} 47. Ra8 $2 (47. Qd5 $11 {and White has nothing to worry.}) 47... e4 $19 48. h4 e3 49. Qh8+ Kg6 50. h5+ Kg5 51. f4+ (51. Qxf6+ $19 Rxf6 52. fxe3) 51... Kg4 {Black mates.} 52. Qxf6 Rxf6 53. Kg2 Rd6 54. Re8 Rd2+ {[%mdl 64] Double Attack} 55. Kf1 Nf5 {Black used his chance.  Weighted Error Value: White=0.44/Black=0.30} 0-1